Documentos para la historia, defección del Gral. José Isabel Robles en la sierra de Ixtlán, Oaxaca / (Record no. 102847)

MARC details
000 -LEADER
campo de control de longitud fija 00589nam a2200181 i 4500
001 - NÚMERO DE CONTROL
campo de control 102847
003 - IDENTIFICADOR DE NÚMERO DE CONTROL
campo de control ES-MaACL
005 - FECHA Y HORA DE LA ÚLTIMA TRANSACCIÓN
campo de control 20230906183211.0
007 - CAMPO FIJO DE DESCRIPCIÓN FÍSICA--INFORMACIÓN GENERAL
campo de control de longitud fija t|
008 - DATOS DE LONGITUD FIJA--INFORMACIÓN GENERAL
campo de control de longitud fija 051214q19001910mx ||||1| spa d
100 1# - ENTRADA PRINCIPAL--NOMBRE DE PERSONA
Nombre de persona Espinosa, Luis.
9 (RLIN) 47889
245 10 - MENCIÓN DEL TÍTULO
Título Documentos para la historia, defección del Gral. José Isabel Robles en la sierra de Ixtlán, Oaxaca /
Mención de responsabilidad, etc. Luis Espinosa.
260 ## - PUBLICACIÓN, DISTRIBUCIÓN, ETC.
Lugar de publicación, distribución, etc. México :
Nombre del editor, distribuidor, etc. [s.n.,
Fecha de publicación, distribución, etc. 191-?]
300 ## - DESCRIPCIÓN FÍSICA
Extensión 69 p. :
Otras características físicas il. ;
Dimensiones 22 cm.
600 14 - PUNTO DE ACCESO ADICIONAL DE MATERIA--NOMBRE DE PERSONA
Nombre de persona Robles, José Isabel.
9 (RLIN) 97935
651 #4 - PUNTO DE ACCESO ADICIONAL DE MATERIA--NOMBRE GEOGRÁFICO
Nombre geográfico México-
Subdivisión general Historia-
Subdivisión geográfica 1910-1946.
9 (RLIN) 9066
852 ## - LOCALIZACIÓN
Ubicación ES-MaACL
Número de control de estantería 1562-F-3
Holdings
Estatus retirado Estado de pérdida Estado de daño No para préstamo Colección Biblioteca de origen Biblioteca actual Ubicación en estantería Fecha de adquisición Fuente de adquisición Total de préstamos Signatura topográfica completa Código de barras Visto por última vez Precio de reemplazo Tipo de ítem Koha
        Colección de folletos Biblioteca del Ateneo de Madrid Biblioteca del Ateneo de Madrid Depósito folletos 17/01/2008     1562-F-3 1107371 23/02/2023 23/02/2023 Folleto